| 000 | 004920000a22001810004500 | ||
|---|---|---|---|
| 041 | 0 | _aSPA | |
| 082 | 0 | 4 | _aG 268 B142p |
| 100 | 1 | _aBáez Camargo, Gonzalo (1899-) | |
| 245 | 1 | 0 | _aPrincipios y método de la educación cristiana / Gonzalo Baez Camargo |
| 250 | _a2 | ||
| 260 | _aMéxico : Casa Unida de Publicaciones | ||
| 300 | _a287 Pag | ||
| 001 | 7819 | ||
| 942 | _cBK | ||
| 999 |
_c38024 _d38024 |
||
| 336 |
_atexto _btxt _2rdacontent |
||
| 337 |
_2rdamedia _asin mediación _bn |
||
| 338 |
_2rdacarrier _avolumen _bnc |
||